000
00246nam a22000857a 4500
008
161020b xxu||||| |||| 00| 0 eng d
100
_9
894
_a
Stageberg.N.C.
245
_a
An Introductory English Grammer-4
260
_a
Newyork
_b
Holt Rinchart Swinston
_c
1981
999
_c
3547
_d
3547